[Event "AUTO-OPEN-4653"]
[Site "http://www.queenalice.com/game.php?id=1873623"]
[Date "2026.5.21"]
[Round "1"]
[White "bdpq"]
[Black "alexcamargo"]
[Result "1-0"]
[WhiteElo "1637"]
[BlackElo "1600"]

1. e4 c5 2. Bc4 Nc6 3. Nf3 e6 4. O-O d5 5. exd5 exd5 6. Bb5 Bd7 7. d3 Nf6 8. Bg5
g6 9. Nc3 Be6 10. Ne5 Rc8 11. Qf3 Bg7 12. a4 Qd6 13. Nxc6 O-O 14. Nxa7 Ra8 15.
Bxf6 Rxa7 16. Qg3 Qxg3 17. fxg3 d4 18. Ne4 Rd8 19. Bxd8 b6 20. b3 Bd7 21. Bxb6
1-0

[Event "AUTO-OPEN-4653"]
[Site "http://www.queenalice.com/game.php?id=1873625"]
[Date "2026.5.21"]
[Round "1"]
[White "bdpq"]
[Black "Daniel1962"]
[Result "0-1"]
[WhiteElo "1627"]
[BlackElo "1817"]

1. e4 e5 2. d3 Bc5 3. Nc3 Qf6 4. Nf3 Nc6 5. Bd2 Nd4 6. Bg5 Nxf3+ 7. Qxf3 Qxg5 8.
Be2 Nf6 9. Na4 Bd4 10. O-O d6 11. c3 Bb6 12. Nxb6 cxb6 13. b4 Bg4 14. Qg3 h6 15.
Bxg4 Nxg4 16. f3 Qe3+ 17. Kh1 Nxh2 18. Qxh2 Qxd3 19. Rac1 h5 20. Rfd1 Qe3 21.
Re1 Qg5 22. Rcd1 O-O-O 23. Rd3 h4 24. Red1 Rh6 25. Kg1 Kc7 26. a4 a5 27. Kf2
axb4 28. cxb4 f5 29. exf5 Qxf5 30. Rc3+ Kb8 31. Rd5 g5 32. Qh3 Qxh3 33. gxh3 Rf6
34. Rd2 e4 35. Kf1 exf3 36. Kf2 d5 37. Re3 d4 38. Red3 Kc7 39. Rc2+ Kb8 40. Rc4
Rf4 41. Rxf3 d3 42. Rc1 d2 43. Rd1 Re4 44. Re3 Rxb4 45. Re5 Rf8+ 46. Ke2 Rxa4
47. Rxd2 Ka7 48. Rxg5 Ra3 49. Rd3 Ra2+ 50. Ke3 Ka6 51. Rg4 Rff2 52. Rxh4 Rh2 53.
Kf3 b5 54. Rdd4 Raf2+ 55. Kg4 Rhg2+ 56. Kh5 Rf8 57. Rd6+ Ka5 58. Rg4 Rxg4 59.
hxg4 b4 60. g5 b3 61. Rd2 Ka4 62. g6 Rh8+ 63. Kg5 Ka3 64. g7 Rg8 65. Kg6 b2 66.
Kf7 Rxg7+ 67. Kxg7 b1=Q 68. Rd8 b5 69. Ra8+ Kb3 70. Rb8 b4 71. Kf6 Qd3 72. Ke6
Qa6+ 73. Kf5 Ka3 74. Rh8 b3 0-1

[Event "AUTO-ADV-4937"]
[Site "http://www.queenalice.com/game.php?id=1873680"]
[Date "2026.5.21"]
[Round "1"]
[White "dosoldini"]
[Black "bdpq"]
[Result "0-1"]
[WhiteElo "1605"]
[BlackElo "1648"]

1. e4 d5 2. Nc3 d4 3. Nd5 e6 4. Nf4 Bd6 5. Qg4 g6 6. Bc4 Nf6 7. Qf3 O-O 8. Nge2
Bxf4 9. Qxf4 Nc6 10. e5 Nh5 11. Qh6 Nxe5 12. Bb3 Ng4 13. Qxf8+ Kxf8 14. d3 b6
15. h4 Bb7 16. f3 Ne5 17. Bf4 Nxf4 18. Nxf4 Nc6 19. a3 Na5 20. Bxe6 Qe8 21.
O-O-O fxe6 22. Rhe1 e5 23. Re2 Qc6 24. Rxe5 Nb3+ 25. Kb1 Nc5 26. Ne2 Qd6 27. f4
Bxg2 28. c4 dxc3 0-1

[Event "AUTO-ADV-4937"]
[Site "http://www.queenalice.com/game.php?id=1873681"]
[Date "2026.5.21"]
[Round "1"]
[White "bdpq"]
[Black "dosoldini"]
[Result "1-0"]
[WhiteElo "1645"]
[BlackElo "1639"]

1. e4 e5 2. d4 d5 3. dxe5 d4 4. Nf3 Nc6 5. Bb5 Be7 6. Bxc6+ bxc6 7. Nxd4 Bd7 8.
O-O c5 9. Nf5 Qc8 10. Nxg7+ Kd8 11. Nf5 Qb7 12. b3 Qxe4 13. Nxe7 Nxe7 14. Re1
Qg6 15. Ba3 Qc6 16. Nc3 Rg8 17. g3 Ke8 18. Ne4 Nd5 19. Nxc5 Bh3 20. Qh5 Bg4 21.
Qxh7 Kf8 22. Ne6+ 1-0